000 00226nam a22000857a 4500
008 160909b xxu||||| |||| 00| 0 eng d
100 _9342
_aAggarwal R.S
245 _aMathematics-VIII
260 _aNew Delhi
_bBharati publication
_c2009
999 _c3002
_d3002